000 00557cam a22001933a 4500
001 44556
003 PGUSA
005 20140828084022.0
008 140101s2014||||xxu|||||s|||||000 | eng d
040 _aPGUSA
_beng
042 _adc
245 1 0 _aBlackie and Son's Books for Young People, Catalogue 1898
_h[electronic resource] /
_cVarious
260 _bProject Gutenberg,
_c2014
506 _aPublic domain in the USA.
516 _aElectronic text
830 0 _aProject Gutenberg
_v44556
856 4 0 _uhttp://www.gutenberg.org/ebooks/44556
942 _cEB
999 _c273807
_d273807